000 00689 a2200169 4500
003 Nust
005 20170207153418.0
040 _cNust
082 _a358.403
100 _aAir chief marshal Mushaf ali mir
245 _aAerospace power
_bThe emerging strategic dimension
_cTariq Mahmud Ashraf
260 _aPeshwar
_bPAF Press
_c2003
300 _a226 p.;
505 _aSection .1: The Basics (page-1) Section .2: The Dominate Element in Warfare (page-68) Section III: The Emerging Roles (Page-84) Section IV : The Impact of Nuclearization (Page-126) Section .V : Miscellaneous (Page-182) Section .VI: References (apge-208)
538 _aAlmirah No.54 Shelf No.6
650 _aAerospace power
942 _2ddc
_cBK
999 _c185614
_d185614